000 01271nam a2200217Ia 4500
003 Ost
005 20260416102359.0
008 260416s9999||||xx |||||||||||||| ||und||
040 _cfsecg
041 _aara
082 _a1.42
100 _aزواوي، زكية
_eمؤلف
245 0 _a منهجية البحث العلمي :
_bموجهة لطلبة السنة الأولى (LMD) جذع مشترك /
_c زكية زواوي
260 _aالجزائر
_bجامعة الجزائر3: كلية العلوم الإقتصادية، العلوم التجارية وعلوم التسيير
_c2022
300 _a106 ورقة
_bايضاحات
_c30 سم
504 _aالمراجع ص.98
520 _aمدخل لعلم المنهجية (تعريف المنهجية ، المدارس المنهجية ) ، البحث العلمي (المفهوم ، الأنواع ، الخصائص ) ، مناهج البحث العلمي ، أدوات جمع المعلومات الاولية ، المصادر و المراجع و كيفية الافادة منها .
653 _aطرق البحث
710 _aجامعة الجزائر3: كلية العلوم الإقتصادية، العلوم التجارية وعلوم التسيير
_eناشر علمي
942 _cHANDOUT
999 _c41323
_d41323